00555 2200217 4500001002100000005001500021035002000036007000300056008004100059020002200100082000800122084001400130100001400144245002600158250001400184260004500198300003000243650002000273990002200293990002200315INLIS00000000001954620170908091536 a0010-0917000224ta170908 e 1 ind  a978-602-03-3211-6 aFIK aFIK TER m0 aTere Liye1 aMatahari /cTere Liye acetakan 1 aJakarta :bGramedia Pustaka Utama,c2016 a390 halaman :b- ;c21 cm aFiksi Indonesia a967/B/Dinpus/2017 a966/B/Dinpus/2017